El arcano de la creación artística

में बचाया:
ग्रंथसूची विवरण
मुख्य लेखक: Zweig, Stefan (लेखक)
स्वरूप: पुस्तक
भाषा:स्पेनिश
प्रकाशित: Buenos Aires Espasa-Calpe 1952
श्रृंखला:Colección Austral, 1130
विषय:
टैग: टैग जोड़ें
कोई टैग नहीं, इस रिकॉर्ड को टैग करने वाले पहले व्यक्ति बनें!

MARC

LEADER 00000nam a2200000 a 4500
001 UCZ4989
003 CL-VaPUC
008 951115e19520000AG |||||||||||||||||spa|d
082 0 4 |a A834  |b ZWE  |2 21 
100 0 |a Zweig, Stefan  |e author  |9 348954 
245 1 3 |a El arcano de la creación artística 
300 |a 143 p 
942 |c BK 
945 |d 19951115 00:00:00  |a rleighto 
260 |a Buenos Aires  |b Espasa-Calpe  |c 1952 
650 0 |a Ensayos austriacos   |9 334011 
583 |a last modification  |c 19951115 00:00:00  |k Rodrigo Vera 
490 0 |a Colección Austral, 1130 
999 |c 241326  |d 241324 
952 |0 0  |1 0  |4 0  |6 A_834_000000000000000_ZWE_1952  |7 0  |8 A  |9 253621  |a BIBEDU  |b BIBEDU  |d 2019-11-19  |i 3150143  |o A834 ZWE 1952  |p 3150143  |r 2019-11-19  |w 2019-11-19  |y BK  |k LIT